| 000 -LEADER |
| fixed length control field |
01242nam a22001577a 4500 |
| 008 - FIXED-LENGTH DATA ELEMENTS--GENERAL INFORMATION |
| fixed length control field |
210806b ||||| |||| 00| 0 eng d |
| 100 ## - MAIN ENTRY--PERSONAL NAME |
| Personal name |
Snowberg, Erik and Yariv, Leeat |
| 245 ## - TITLE STATEMENT |
| Title |
Testing the waters: Behavior across participant pools |
| 260 ## - PUBLICATION, DISTRIBUTION, ETC. (IMPRINT) |
| Place of publication, distribution, etc |
The American Economic Review |
| 300 ## - PHYSICAL DESCRIPTION |
| Extent |
3(2), Feb, 2021: p.687-719 |
| 520 ## - SUMMARY, ETC. |
| Summary, etc |
We leverage a large-scale incentivized survey eliciting behaviors from (almost) an entire undergraduate university student population, a representative sample of the US population, and Amazon Mechanical Turk (MTurk) to address concerns about the external validity of experiments with student participants. Behavior in the student population offers bounds on behaviors in other populations, and correlations between behaviors are similar across samples. Furthermore, non-student samples exhibit higher levels of noise. Adding historical lab participation data, we find a small set of attributes over which lab participants differ from non-lab participants. An additional set of lab experiments shows no evidence of observer effects. – Reproduced |
| 650 ## - SUBJECT ADDED ENTRY--TOPICAL TERM |
| Topical term or geographic name as entry element |
Survey Methods, Sampling Methods |
| 9 (RLIN) |
28333 |
| 773 ## - HOST ITEM ENTRY |
| Main entry heading |
The American Economic Review |
| 906 ## - LOCAL DATA ELEMENT F, LDF (RLIN) |
| Subject DIP |
SURVEY METHODS |
| 942 ## - ADDED ENTRY ELEMENTS (KOHA) |
| Item type |
Articles |